000 02266nam a2200217Ia 4500
003 Ost
005 20260426125804.0
008 260426s9999||||xx |||||||||||||| ||und||
040 _cfsecg
041 _aeng
082 _a330
100 _aEl-Moffock, Nabila
_eAuthor
245 0 _aEnglish fore economic and business USE /
_cNabila El-Moffock
260 _aAlgiers :
_bUniversity of Algiers 3 Faculty of Economics Commercial Sciences and Management,
_c2021
300 _a112 paper,
_c30 cm
504 _abibliography paper 109
520 _aThis modest contribution for the benefit of first year students of the Faculty of Economics, Commercial and Management Sciences - University of Algiers 3- which is also a course support for lecturers, which will allow students to better grasp the meaning of certain fundamental notions related to economics and business in general. However, it remains insufficient, as economics is more complex and vast to be summarized in few lectures. We have adopted a simple style with adherence to the official program in order to remain objective and to offer a harmonious, well-structured and useful paper from a scientific and pedagogical point of view. In our first courses, we have studied the purpose of economics, which is none other than the satisfaction of unlimited wants with scarce resources. However, it is also important to gain some mastery of economic concepts (supply and demand, the structure of the market, production, the business cycle, economic growth and indicators…etc) in order to better analyze and understand the economic phenomena that we experience on a daily basis. In addition, we have dealt with texts related to management, marketing, accounting, banking and recruitment which help students get general concepts in each specialty. In the future, we plan to conduct an opinion survey among the students regarding this coursebook in order to enrich and update it, as well as to work on another detailed and oriented one for each specialty taught at the Faculty of Economics, Commercial and Management Sciences of University of Algiers 3.
653 _aBusiness
710 _aUniversity of Algiers 3 Faculty of Economics Commercial Sciences and Management
_eScientific publisher
942 _cHANDOUT
999 _c41498
_d41498